| 000 | 01203nac a22003011u 4500 | ||
|---|---|---|---|
| 010 | _a 2002513251 | ||
| 020 | _a0471201871 | ||
| 020 | _a8126503297 | ||
| 035 | _a(OCoLC)ocm49350508 | ||
| 082 | 0 | 4 |
_a005.117 _bH933 |
| 090 |
_c441 _d441 |
||
| 100 | _aHundhausen, Richard. | ||
| 245 | 1 | 0 |
_aProgramming ADO.NET / _cRichard Hundhausen, Steven Borg. |
| 260 |
_aNew York : _bWiley, _cc2002. |
||
| 300 |
_axx, 892 p. : _bill. ; _c24 cm. |
||
| 440 | 0 | _aGearhead Press in the trenches | |
| 500 | _a"Wiley Computer Publishing." | ||
| 500 | _aIncludes index. | ||
| 650 | 0 | _aInternet programming. | |
| 650 | 0 | _aMicrosoft .NET Framework. | |
| 700 | 1 | _aBorg, Steven. | |
| 856 | 4 | 2 |
_3Contributor biographical information _uhttp://www.loc.gov/catdir/bios/wiley043/2002513251.html |
| 856 | 4 | 2 |
_3Publisher description _uhttp://www.loc.gov/catdir/description/wiley036/2002513251.html |
| 856 | 4 | 2 |
_3Table of contents _uhttp://www.loc.gov/catdir/toc/wiley031/2002513251.html |
| 856 | 4 | 2 | _uhttp://www.wiley.com/legacy/compbooks/hundhausen/ |
| 942 |
_cBB _k005.117H933 |
||
| 999 |
_c441 _d441 |
||